ARRUPE JESUIT UNIVERSITY

CORONAVIRUS -STOP THE SPREAD - CLEAN,DISINFECT,COVER

St. Mary Magdalene (Record no. 130376)

MARC details
000 -LEADER
fixed length control field 00470nam a22001457a 4500
008 - FIXED-LENGTH DATA ELEMENTS--GENERAL INFORMATION
fixed length control field 200218b ||||| |||| 00| 0 eng d
050 ## - LIBRARY OF CONGRESS CALL NUMBER
Classification number BS2485.M345 2006
100 ## - MAIN ENTRY--PERSONAL NAME
Personal name Malachi, Tau
9 (RLIN) 49559
245 ## - TITLE STATEMENT
Title St. Mary Magdalene
Remainder of title the gnostic tradition of the Holy Bride
Statement of responsibility, etc Tau Malachi
260 ## - PUBLICATION, DISTRIBUTION, ETC. (IMPRINT)
Place of publication, distribution, etc Minnesota
Name of publisher, distributor, etc Llewellyn Publications
Date of publication, distribution, etc 2006
300 ## - PHYSICAL DESCRIPTION
Extent xvii, 198p. ;
Dimensions 23cm.
600 ## - SUBJECT ADDED ENTRY--PERSONAL NAME
Personal name Mary Magdalene, Saint
9 (RLIN) 12380
650 ## - SUBJECT ADDED ENTRY--TOPICAL TERM
Topical term or geographic name as entry element Gnosticism
9 (RLIN) 2788
942 ## - ADDED ENTRY ELEMENTS (KOHA)
Source of classification or shelving scheme Library of Congress Classification
Item type Monograph ( Printed materials)
Holdings
Withdrawn status Lost status Source of classification or shelving scheme Damaged status Not for loan Collection code Home library Current library Shelving location Date acquired Total Checkouts Full call number Barcode Date last seen Price effective from Koha item type
    Library of Congress Classification     Main Collection ARRUPE LIBRARY ARRUPE LIBRARY Main Collection 18/02/2020   BS2485.M345 2006 46600006400 18/02/2020 18/02/2020 Monograph ( Printed materials)

 

Arrupe Library. PO Box MP320 Mt Pleasant, Harare, Zimbabwe
263 242 745411|librarian@aju.ac.zw